000 00718nam a22002417a 4500
001 81932
003 UA-OsUOA
005 20220222143716.0
007 ta
008 20120210b un ||||| |||| 00| 0 ukr d
040 _aUA-OsUOA
_brus
_cUA-OsUOA
_dUA-OsUOA
041 _arus
080 _a821.161.1
090 _a821.161.1
_bД70
100 _aДостоевский Ф. М.
245 _aПолное собрание сочинений в тридцати томах
260 _aЛенинград
_bНаука
_c1972
300 _a542 с.
505 _gТ. 3
_tХудожественные произведения
650 7 _a821 Художня література
_2UDC
942 _cBK
_2udc
955 _a3
999 _c368240
_d368240